Nová dedina časopis roľníkov Senického okresu

Bibliographic Details
New Title:Záhorák
Corporate Authors: Jednotný zväz slovenských roľníkov Okresná správa Senica (Publisher), Západoslovenské tlačiarne, n.p. (Bratislava) závod Trnava (tlač.), Komunistická strana Slovenska. Okresný výbor Senica, Knižné závody, n.p. (Bratislava) závod Trnava, Polygrafické závody (Bratislava, Slovensko). Závod Trnava, Senica Okresný národný výbor (Publisher), Západoslovenské tlačiarne, n.p. (Bratislava) prevádzka Skalica (tlač.)
Other Authors: Klimáček, Vojtech (Publishing director), Schäffer, Vlado (Publishing director), Pergler, Miloš (Publishing director), Buzay, Ľudovít (Publishing director), Čársky, Ján (Publishing director), Ričány, Ján (Publishing director), Jamárik, Pavol (Publishing director)
Format: Journal
Language:Slovak
PhysicalDescription:10 roč. 31 x 22 cm
Published: Senica OS JSSR v Senici 1/I 1951-1/III 1953
Senica ONV v Senici
Senica OV KSS Rada ONV v Senici
Subjects:

MARC

LEADER 00000nas a22000001a 4500
001 vtls010301745
003 SK-MaSNL
005 20260228163304.0
008 110810d19511960xo wr p r 0 b0slo
015 |a SNBDS17XX9999 
015 |a 0889  |2 Balúnová 1945-60 
038 |a SNKBUDS 
040 |a SNK  |b slo  |c SNK  |e AACR2 
041 0 |a slo 
044 |a xo  |c SK 
080 |a 63  |2 2001 
245 0 0 |a Nová dedina  |b časopis roľníkov Senického okresu 
260 |a Senica  |b OS JSSR v Senici  |c 1/I 1951-1/III 1953 
260 2 |3 2/III 1953-31/IX 1959  |a Senica  |b ONV v Senici 
260 3 |3 32/IX 1959-8/ 1960  |a Senica  |b OV KSS  |b Rada ONV v Senici 
300 |a 10 roč.  |c 31 x 22 cm 
310 |a 1x týždenne  |b 1/IV 1954-8/X 1960 
321 |a Periodicita sa nedá určiť  |b 1/I 1951-15/III 1953 
362 0 |a Roč. I, č. 1 (25.7.1951)-roč. X, č. 8 (13.3.1960) 
500 |a Zmena podnázvu: od 1/V (17. jan. 1955) Roľnícke noviny Senického okresu, od 2/VII (13. jan. 1957) Roľnícke noviny okresu Senica, od 32/VII (4. aug. 1957) Noviny Senického okresu, od 1/IX (11. jan. 1959) Roľnícke noviny Senického okresu, od 23/IX (21. júna 1959) Noviny Senického okresu 
500 |a Vych. v Senici, nepravidelne, od 1/IV (30. jan. 1954) týždenne vo formáte 31 x 22 cm, od 1/IV (30. jan. 1954) 43 x 31 cm 
500 |a Hlav. red. Vojtech Klimáček a red. rada, od 1/IV (30. jan. 1954) Ľudovít Buzay. Zodp. zást. Ján Čársky, od 2/III (21. jan. 1953) Ján Ričány, od 1/IV (30. jan. 1954) Pavol Jamárik, od 16/IV (13. júna 1954) sa zodp. zást. neuvádza. Zást. red. od 45/VI (6. nov. 1956) Vlado Schäffer, od 32/VII (4. aug. 1957) red. Miloš Pergler, od 12/VIII (30. marca 1958) sa red. neuvádza 
500 |a Vyd. OS JSSR v Senici, od 2/III (21. febr. 1953) ONV IX. ref. v Senici, od 19/IV (5. júla 1954) Pôdohospodársky odbor ONV v Senici, od 32/VII (4. aug. 1957) Rada ONV v Senici, od 32/IX (23. aug. 1959) Byro OV KSS a Rada ONV v Senici 
500 |a Tlač. Západoslov. tlačiarne, n. p., závod v Trnave, od 1/III (24. jan. 1953) Knižné závody, n. p., závod v Trnave, od 25/V (10. júla 1955) Polygrafické závody, n. p., prev. v Trnave, od 7/X (28. febr. 1960) Západoslov. tlačiarne, n. p. Bratislava, prev. 04 v Skalici 
500 |a Vych. od 25. júla 1951. V r. 1955 vych. počas žatvy Nástenné noviny. Od 27/V (17. júla 1955) sa v tiráži uvádza aj administrátorka Anna Janovíčková, Pov. PIO č. 22088/50-II/3; 21098/51-II/3-219. Posl. č. 8/X (13. marca 1960); noviny zanikli v dôsledku územnej reorganizácie 
505 8 0 |g Roč. I. 1951 24 č. po 2-4 s. 
505 8 0 |g Roč. II. 1952 17 č. po 4 s. 
505 8 0 |g Roč. III. 1953 15 č. po 2-6 s. 
505 8 0 |g Roč. IV. 1954 46 č. po 2-4 s. 
505 8 0 |g Roč. V. 1955 51 č. po 2 s. 
505 8 0 |g Roč. VI. 1956 52 č. po 2-4 s. 
505 8 0 |g Roč. VII. 1957 53 č. po 2-4 s. 
505 8 0 |g Roč. VIII. 1958 50 č. po 4 s. 
505 8 0 |g Roč. IX. 1959 48 č. po 4 s. 
505 8 0 |g Roč. X. 1960 8 č. po 4 s. 
580 |a Po vytvorení nového okresu pokračovali ako okresné noviny Záhorák 
650 0 7 |a poľnohospodárstvo  |2 SNKPH  |9 679 
651 7 |a Senica (Slovensko)  |2 SNKPH  |9 25102 
655 7 |a poľnohospodárske regionálne časopisy  |2 SNKBUDS  |9 272406 
700 1 |a Klimáček, Vojtech  |4 pbd  |9 273581 
700 1 |a Schäffer, Vlado  |4 pbd  |9 273582 
700 1 |a Pergler, Miloš  |4 pbd  |9 273583 
700 1 |a Buzay, Ľudovít  |4 pbd  |9 273584 
700 1 |a Čársky, Ján  |4 pbd  |9 273585 
700 1 |a Ričány, Ján  |4 pbd  |9 273586 
700 1 |a Jamárik, Pavol  |4 pbd  |9 273587 
710 2 |a Jednotný zväz slovenských roľníkov  |b Okresná správa Senica  |e vydav.  |9 273588 
710 2 |a Západoslovenské tlačiarne, n.p. (Bratislava)  |b závod Trnava  |e tlač.  |9 271503 
710 2 |a Komunistická strana Slovenska.  |b Okresný výbor Senica  |9 215952 
710 2 |a Knižné závody, n.p. (Bratislava)  |b závod Trnava  |9 271723 
710 2 |a Polygrafické závody (Bratislava, Slovensko).  |b Závod Trnava  |9 145642 
710 1 |a Senica  |b Okresný národný výbor  |e vydav.  |9 273589 
710 2 |a Západoslovenské tlačiarne, n.p. (Bratislava)  |b prevádzka Skalica  |e tlač.  |9 269130 
785 0 0 |t Záhorák 
852 |a SNK  |b 10000  |h ČSB 739 
852 |a UKB  |b 300000  |h SB 980 
852 |a SVKKK  |b 900000  |h E 117 
852 |a UKB  |b 300000  |h XX B 451 
999 |c 9150  |d 11080